| 000 | 00683nam a2200205 4500 | ||
|---|---|---|---|
| 001 | 148939 | ||
| 003 | ES-MaACL | ||
| 005 | 20250901062537.0 | ||
| 007 | t| | ||
| 008 | 070214s1959 sp r ||||1| spa d | ||
| 100 | 1 |
_aSuenens, Léon Joseph. _9108729 |
|
| 245 | 1 | 1 |
_a¿Quién es esta? / _cLéon Joseph Suenens ; versión española de G. Rilter de Escayola. |
| 260 |
_aAndorra : _bCasal i Vall, _c1959. |
||
| 300 |
_a159 p. ; _c19 cm. |
||
| 490 | 1 | _aCol. yo sé, yo creo | |
| 700 | 1 |
_aRilter de Escayola, G. _997233 |
|
| 830 | 0 | 0 |
_aYo sé, yo creo: enciclopedia del católico del siglo XX _9186579 |
| 852 |
_aES-MaACL _jC-17269 _bR.44936 |
||
| 999 |
_c148939 _d148939 |
||